<?xml version="1.0" encoding="UTF-8"?>
<record
    xmlns:xsi="http://www.w3.org/2001/XMLSchema-instance"
    xsi:schemaLocation="http://www.loc.gov/MARC21/slim http://www.loc.gov/standards/marcxml/schema/MARC21slim.xsd"
    xmlns="http://www.loc.gov/MARC21/slim">

  <leader>01317nam a22001337a 4500</leader>
  <datafield tag="999" ind1=" " ind2=" ">
    <subfield code="c">533141</subfield>
    <subfield code="d">533141</subfield>
  </datafield>
  <controlfield tag="008">260427b           ||||| |||| 00| 0 eng d</controlfield>
  <datafield tag="100" ind1=" " ind2=" ">
    <subfield code="a"> Banerjee, Manoshij and   Abdulla. Mohammed Shahid</subfield>
    <subfield code="9">60253</subfield>
  </datafield>
  <datafield tag="245" ind1=" " ind2=" ">
    <subfield code="a">Does the Atal pension Yojana use &#x2018;nudge theory&#x2019; to drive up enrolments?</subfield>
  </datafield>
  <datafield tag="260" ind1=" " ind2=" ">
    <subfield code="a">Economic &amp; Political Weekly </subfield>
  </datafield>
  <datafield tag="300" ind1=" " ind2=" ">
    <subfield code="a">61(7), Feb 14, 2026: p.23-26</subfield>
  </datafield>
  <datafield tag="520" ind1=" " ind2=" ">
    <subfield code="a">The auto-enrolment feature of India&#x2019;s Atal Pension Yojana is critically examined. The application of &#x201C;nudge theory&#x201D; is analysed in APY in comparison with successful pension schemes globally and three key divergences are identified: misaligned incentives, reliance on paper-based rather than digital enrolment, and cumbersome opt-out procedures. The article argues that APY&#x2019;s auto-enrolment mechanism substantially departs from established best practices in behavioural economics and may result in non-consensual enrolment and retention. It concludes that the scheme reflects a misapplication of nudge theory and underscores the need to reassess its enrolment and exit design to ensure ethical implementation and enhanced pension coverage in India.-Reproduced 

https://www.epw.in/journal/2026/7/commentary/does-atal-pension-yojana-use-nudge-theory-drive.html
</subfield>
  </datafield>
  <datafield tag="773" ind1=" " ind2=" ">
    <subfield code="a">Economic &amp; Political Weekly </subfield>
  </datafield>
  <datafield tag="942" ind1=" " ind2=" ">
    <subfield code="c">AR</subfield>
  </datafield>
  <datafield tag="952" ind1=" " ind2=" ">
    <subfield code="0">0</subfield>
    <subfield code="1">0</subfield>
    <subfield code="2">ddc</subfield>
    <subfield code="4">0</subfield>
    <subfield code="7">0</subfield>
    <subfield code="9">408313</subfield>
    <subfield code="a">IIPA</subfield>
    <subfield code="b">IIPA</subfield>
    <subfield code="d">2026-04-27</subfield>
    <subfield code="h">61(7), Feb 14, 2026: p.23-26</subfield>
    <subfield code="p">AR138652</subfield>
    <subfield code="r">2026-04-27</subfield>
    <subfield code="y">AR</subfield>
  </datafield>
</record>
